Hronika Tranzicijskog Groblja (Record no. 9057)

MARC details
000 -LEADER
fixed length control field 00530nam a2200205uu 4500
001 - CONTROL NUMBER
control field WIIW0000188
003 - CONTROL NUMBER IDENTIFIER
control field OSt
005 - DATE AND TIME OF LATEST TRANSACTION
control field 20240927152844.0
007 - PHYSICAL DESCRIPTION FIXED FIELD--GENERAL INFORMATION
fixed length control field tu
008 - FIXED-LENGTH DATA ELEMENTS--GENERAL INFORMATION
fixed length control field 240927t2020 xxk||||| ||||||0| |
020 ## - INTERNATIONAL STANDARD BOOK NUMBER
International Standard Book Number 978-86-84321-23-9
040 ## - CATALOGING SOURCE
Transcribing agency OSt
041 ## - LANGUAGE CODE
Language code of text/sound track or separate title srp
100 ## - MAIN ENTRY--PERSONAL NAME
Dates associated with a name Marija Obradovic
245 00 - TITLE STATEMENT
Title Hronika Tranzicijskog Groblja
Remainder of title Privatizacija Drustvenog Kapitala u Srbiji 1989-2012
260 ## - PUBLICATION, DISTRIBUTION, ETC.
Place of publication, distribution, etc. Beograd
Name of publisher, distributor, etc. Nova Srpska Politicka Misao
Date of publication, distribution, etc. 2022
300 ## - PHYSICAL DESCRIPTION
Extent 579 S. ;
Dimensions 25,5 cm.
651 ## - SUBJECT ADDED ENTRY--GEOGRAPHIC NAME
Geographic name Serbia
942 ## - ADDED ENTRY ELEMENTS (KOHA)
Koha item type Book
Source of classification or shelving scheme Other/Generic Classification Scheme
Holdings
Withdrawn status Lost status Source of classification or shelving scheme Damaged status Not for loan Home library Current library Date acquired Total Checkouts Full call number Date last seen Price effective from Koha item type
    Other/Generic Classification Scheme     WIIW WIIW 09/27/2024   7968 09/27/2024 09/27/2024 Book
The Vienna Instiute for International Economic Studies (wiiw)